| 000 | 01686cam a22004694i 4500 | ||
|---|---|---|---|
| 003 | PE-LiUPU | ||
| 005 | 20250731173249.0 | ||
| 008 | 150616s1071 sp r 000 0 spa d | ||
| 035 | _a(Sirsi) a3553 | ||
| 040 |
_aPE-LiUPU _bspa _cPE-LiUPU _erda |
||
| 049 | _aPRUA | ||
| 082 | 0 | 4 |
_a260 _bT63 _221 |
| 100 | 1 |
_aTorres, Alberto A., _eautor. |
|
| 245 | 1 | 0 | _aCristiano, sobre la marcha. |
| 264 | 1 |
_aMadrid : _bStvdivm, ediciones, _c1971. |
|
| 300 |
_a536 páginas ; _c21 centímetros |
||
| 336 |
_atext _2rdacontent |
||
| 337 |
_aunmediated _2rdamedia |
||
| 338 |
_avolume _2rdacarrier |
||
| 504 | _aNotas Bibliograficas. | ||
| 505 | 0 | _aZona sociológica: -Zona personal -- Zona familiar -- Zona laboral -- Zona nacional -- Zona internacional. Zona problemática: -Zona civil -- Zona sacerdotal -- Zona eclesial -- Zona divina. Zona religiosa: -Zona navideña -- Zona cuaresmal -- Zona pascual. | |
| 526 | _aSEG42 | ||
| 526 | _aSEG41 | ||
| 526 | _aSEG40 | ||
| 526 | _aSEG39 | ||
| 526 | _aP94 | ||
| 526 | _aP87 | ||
| 526 | _aP86 | ||
| 526 | _aP85 | ||
| 526 | _aP77 | ||
| 526 | _aP76 | ||
| 526 | _aP35 | ||
| 650 | 0 | 4 | _aTEOLOGIA SOCIAL. |
| 910 |
_ajck _bjvq _cjck |
||
| 910 |
_bksl _cksl _d20190604 |
||
| 942 |
_2ddc _cBOOK |
||
| 949 |
_a260 T63 _wDEWEY _c1 _i12744 _lCCODEBUL1 _mBUL _p35.00 _r0 _sY _tBOOK _u19741213 _xTEOLOGIA _zUNKNOWN _0COMPRA _o.STAFF. Colección Teología |
||
| 994 |
_aC0 _bPEPRU |
||
| 596 | _a1 | ||
| 999 |
_a260 T63 _wDEWEY _c43504 _i12744 _f2021-11-10 _g6 _lCCODEBUL1 _mBUL _p35.00 _r0 _sY _tBOOK _u2015-6-16 _xTEOLOGIA _zUNKNOWN _0COMPRA _o.STAFF. Colección Teología _d43504 |
||
| 980 |
_81 _gALBERTO SANCHEZ Responsable de Automatización |
||